|
|
|
|
| LEADER |
00637nab a2200181 i 4500 |
| 001 |
acta680 |
| 005 |
20210310125111.0 |
| 008 |
161015s1967 hu o 0|| rus d |
| 022 |
|
|
|a 0586-3732
|
| 040 |
|
|
|a SZTE Egyetemi Kiadványok Repozitórium
|b hun
|
| 041 |
|
|
|a rus
|
| 100 |
1 |
|
|a Sonkoly Pál
|
| 245 |
1 |
0 |
|a K istorii sistemy skloneniâ imen suŝestvitel'nyh
|h [elektronikus dokumentum] :
|b na materiale Poznanskoj rukopisi No 94 /
|c Sonkoly Pál
|
| 260 |
|
|
|c 1967
|
| 300 |
|
|
|a 15-21
|
| 490 |
0 |
|
|a Dissertationes slavicae
|v 5
|
| 695 |
|
|
|a Nyelvtudomány
|
| 856 |
4 |
0 |
|u http://acta.bibl.u-szeged.hu/680/1/dissert_slav_005_015-021.pdf
|z Dokumentum-elérés
|